000 00783nam a22002297a 4500
001 44128
003 BD-RjUL
005 20211209053814.0
008 160713s1945 ii ||||| |||| 00| 0 ben d
020 _c: IRs 0.50
035 _a(BD-RjUL)44246
040 _aBD-RjUL
_bben
_cBD-RjUL
041 _aben
082 _223
_a294.5
_bKHK 1945
100 _aখগেন্দ্রনাথমিত্র
_9135488
245 1 0 _aকীর্তন /
_cখগেন্দ্রনাথমিত্র
260 _aকলিকাতা :
_bবিশ্বভারতী,
_c১৯৪৫ [১৩৫২]
300 _a৫৯ পৃ. ;
_c১৮ সেমি.
650 _aহিন্দুত্ত্ববাদ
_9135489
650 _aHinduism
_9135490
942 _2ddc
_cBK
999 _c44128
_d44128